| 000 | 00931nam a22002537a 4500 | ||
|---|---|---|---|
| 003 | OSt | ||
| 005 | 20131108130946.0 | ||
| 008 | 130417s2011 sp ||||| |||| 00| 0 spa d | ||
| 020 | _a9788497884761 (vol. 1) | ||
| 020 | _a9788497884778 (vol.2) | ||
| 020 | _a9788497884785 (o.c.) | ||
| 040 | _cCDMR | ||
| 100 | 1 |
_92075 _aFernández Hermana, Luís Ángel |
|
| 245 | 1 | 0 |
_aHistoria viva de Internet _cLuis Ángel Fernández Hermana |
| 250 | _a1a ed. en llengua castellana | ||
| 260 |
_aBarcelona _bUOC _c2011 |
||
| 300 | _a2 v. | ||
| 490 | 0 |
_aComunicación _v208-209 |
|
| 505 | _aConté: 1.- Los años de en.red.ando (1996-1998) / prólogo José Antonio Millán ; 2.- Los años de en.red.ando (1999-2001) / prólogo de Jordi Marín | ||
| 600 | 1 |
_92075 _aFernández Hermana, Luís Ángel _vRecull d'escrits |
|
| 650 | 0 | 4 |
_93079 _aMitjans de comunicació digitals _xHistòria |
| 650 | 0 | 4 |
_94302 _aInternet _xHistòria |
| 942 |
_2udc _cMON |
||
| 999 |
_c6111 _d6111 |
||